| 000 | 00930naa a22002777a 4500 | ||
|---|---|---|---|
| 001 | BR5900245 | ||
| 003 | BR-BrBNA | ||
| 005 | 20240918172844.0 | ||
| 007 | ta | ||
| 008 | 230509b bl.||||| |||| 00| 0 por d | ||
| 040 |
_aBR-BrBNA _bpor _cBiblioteca Nacional de Agricultura |
||
| 041 | _a(Pt) | ||
| 072 |
_aL30 _b5214 _b8954 |
||
| 090 | _aL30 BR5900245 | ||
| 100 | 1 | _aLopes, J. | |
| 245 | 1 | _aRacoes para alimentacao do gado leiteiro | |
| 260 | 3 |
_aPorto Alegre, RS (Brasil): _c[nd]. |
|
| 500 | _aProducao leiteira Porto Alegre, RS (Brasil): [nd]. p. 25-32 (BR5900245-AM)L30 | ||
| 650 | _aNUTRICAO ANIMAL | ||
| 650 | _aGADO LEITEIRO | ||
| 650 | _aENGORDA | ||
| 650 | _aRACAO | ||
| 773 | 0 |
_tEscolha e compra de vaccas leiteiras; principais pontos a observar na apreciacao da vacca leiteira [Brasil] _w5214 BR3900005 _gSao Paulo, SP (Brasil), 1939. _q19 p. |
|
| 909 |
_a202404 _bLucia _c55 _dLucia Elande |
||
| 942 |
_cAM _2AGRIS |
||
| 999 |
_c301748 _d301748 |
||